Pečovatelská služba.

Uložené v:
Podrobná bibliografia
Médium: Kniha
Jazyk:Czech
Vydané: 1969.
Tagy: Pridať tag
Žiadne tagy, Buďte prvý kto otaguje tento záznam!

MARC

LEADER 00000nam a2200000 a 4500
001 000140921
005 20090929214205.0
008 040101s1969 xr e cze d
040 |a SVKKK  |b slo  |c SVKKK  |e AACR2 
041 0 |a cze 
044 |a xr  |c CZ 
245 0 0 |a Pečovatelská služba. 
260 |c 1969. 
910 |a svkkk 
998 |a BK 
090 |g SCKHL  |k Sklad Pribinova 2. posch.  |a II.175426  |i 140921-10  |s Absenčne